Human rights and poverty in India : (Record no. 8382)

MARC details
000 -LEADER
fixed length control field 00767 a2200205 4500
003 - CONTROL NUMBER IDENTIFIER
control field GBCCL
005 - DATE AND TIME OF LATEST TRANSACTION
control field 20241126110649.0
008 - FIXED-LENGTH DATA ELEMENTS--GENERAL INFORMATION
fixed length control field 200224b ||||| |||| 00| 0 eng d
020 ## - INTERNATIONAL STANDARD BOOK NUMBER
International Standard Book Number 8180691802
040 ## - CATALOGING SOURCE
Transcribing agency gbc
082 ## - DEWEY DECIMAL CLASSIFICATION NUMBER
Classification number 323.09554
Item number HUM
245 ## - TITLE STATEMENT
Title Human rights and poverty in India :
Remainder of title theoretical issues and empirical evidences/
Statement of responsibility, etc. edited by S.N. Chaudhary.
260 ## - PUBLICATION, DISTRIBUTION, ETC.
Place of publication, distribution, etc. New Dehli :
Name of publisher, distributor, etc. Concept Publishing Co.,
Date of publication, distribution, etc. 2005.
300 ## - PHYSICAL DESCRIPTION
Extent 5 v.
505 ## - FORMATTED CONTENTS NOTE
Formatted contents note Papers presented at the International Conference on Human Rights and Poverty, held at Bhopal during 2-5 October 2001
650 ## - SUBJECT ADDED ENTRY--TOPICAL TERM
Topical term or geographic name entry element Human rights -- India -- Congresses.
9 (RLIN) 14659
650 ## - SUBJECT ADDED ENTRY--TOPICAL TERM
Topical term or geographic name entry element Poverty -- India -- Congresses.
9 (RLIN) 14660
650 ## - SUBJECT ADDED ENTRY--TOPICAL TERM
Topical term or geographic name entry element Human rights -- Congresses.
9 (RLIN) 14661
942 ## - ADDED ENTRY ELEMENTS (KOHA)
Source of classification or shelving scheme Dewey Decimal Classification
Koha item type Books
Koha issues (borrowed), all copies 4
Holdings
Withdrawn status Lost status Source of classification or shelving scheme Damaged status Not for loan Home library Current Library Shelving location Date acquired Source of acquisition Cost, normal purchase price Total checkouts Full call number Barcode Date last seen Date last checked out Copy number Cost, replacement price Price effective from Koha item type
    Dewey Decimal Classification     GRACE BIBLE COLLEGE GRACE BIBLE COLLEGE General Studies 2020-02-24 10 450.00 1 323.09554 HUM 013849 2025-05-01 2023-02-08 v.1 600.00 2020-02-24 Books
    Dewey Decimal Classification     GRACE BIBLE COLLEGE GRACE BIBLE COLLEGE General Studies 2020-02-24 10 450.00 1 323.09554 HUM 013850 2026-02-13 2026-02-13 v.2 600.00 2020-02-24 Books
    Dewey Decimal Classification     GRACE BIBLE COLLEGE GRACE BIBLE COLLEGE General Studies 2020-02-24 10 450.00 2 323.09554 HUM 013851 2026-02-19 2026-02-19 v.3 600.00 2020-02-24 Books
    Dewey Decimal Classification     GRACE BIBLE COLLEGE GRACE BIBLE COLLEGE General Studies 2020-02-24 10 450.00 2 323.09554 HUM 013852 2025-05-01 2025-02-11 v.4 600.00 2020-02-24 Books
    Dewey Decimal Classification     GRACE BIBLE COLLEGE GRACE BIBLE COLLEGE General Studies 2020-02-24 10 450.00 1 323.09554 HUM 013853 2025-05-01 2023-01-19 v.5 600.00 2020-02-24 Books
© Grace Bible College Library 2025